Central Library OPAC University of Rajshahi

Scientific explanation : (Record no. 6817)

MARC details
000 -LEADER
fixed length control field 00910cam a2200253M 4500
001 - CONTROL NUMBER
control field 6817
003 - CONTROL NUMBER IDENTIFIER
rucl marc code BD-RjUL
005 - DATE AND TIME OF LATEST TRANSACTION
control field 20211208234323.0
008 - FIXED-LENGTH DATA ELEMENTS--GENERAL INFORMATION
fixed length control field 140112r1955uuuuenka 001 0 eng d
035 ## - SYSTEM CONTROL NUMBER
System control number (BDjRUL)6859
040 ## - CATALOGING SOURCE
Original cataloging agency REB
Transcribing agency REB
Modifying agency OCLCQ
-- MYG
Language of cataloging eng
041 ## - LANGUAGE CODE
Language code of text/sound track or separate title eng
082 ## - DEWEY DECIMAL CLASSIFICATION NUMBER
Classification number 501
Author mark and year BRS 1955
100 1# - MAIN ENTRY--PERSONAL NAME
Personal name Braithwaite, R. B.
Fuller form of name (Richard Bevan)
9 (RLIN) 19182
245 10 - TITLE STATEMENT
Title Scientific explanation :
Remainder of title a study of the function of theory, probability and law in science /
Statement of responsibility, etc. Richard Bevan Braithwaite ; based upon the Tarner lectures, 1946.
260 ## - PUBLICATION, DISTRIBUTION, ETC. (IMPRINT)
Place of publication, distribution, etc. Cambridge :
Name of publisher, distributor, etc. Cambridge U.P.,
Date of publication, distribution, etc. 1955.
300 ## - PHYSICAL DESCRIPTION
Pagination xi, 375 p. :
Illustrations illus. ;
Size 21 cm.
504 ## - BIBLIOGRAPHY, ETC. NOTE
Bibliography, etc Includes bibliographical references and index.
650 #0 - SUBJECT ADDED ENTRY--TOPICAL TERM
Topical term or geographic name as entry element Science
General subdivision Methodology.
9 (RLIN) 19912
942 ## - ADDED ENTRY ELEMENTS (KOHA)
Source of classification or shelving scheme Dewey Decimal Classification
Koha item type Books
949 #0 - LOCAL PROCESSING INFORMATION (OCLC)
a x
b RSC
c HDC
o 0
p 39080024276815
x 15
y HDC ITEM
h Q175.B7845 1955
Holdings
Lost status Source of classification or shelving scheme Damaged status Not for loan Collection code Permanent Location Current Location Shelving location Date acquired Source of acquisition Total Checkouts Full call number Date last seen Copy number Koha item type Cost, normal purchase price
  Dewey Decimal Classification   Not For Loan Non-fiction Central Library, University of Rajshahi Central Library, University of Rajshahi   27/11/1958 Colomo plan thouh rasister office   501 BRS 1955 12/01/2014 C-1 Books  
  Dewey Decimal Classification       Central Library, University of Rajshahi Central Library, University of Rajshahi   05/05/1972 George Book   501 BRS 1968 12/01/2014 C-2 Books 2.10
  Dewey Decimal Classification     Non-fiction Central Library, University of Rajshahi Central Library, University of Rajshahi   29/06/1970 Pubali Publication   501 BRS 1968 13/01/2014 C-3 Books 118.00